| 000 | 01315nam a2200253Ia 4500 | ||
|---|---|---|---|
| 999 |
_c53302 _d53302 |
||
| 001 | 20343 | ||
| 003 | GE_BSU | ||
| 005 | 20200927212347.0 | ||
| 008 | 181216s1971||||ge |||||||||||||| ||geo|| | ||
| 040 | _cGE_BSU | ||
| 041 | _ageo | ||
| 080 | _a811.353.1'373(072) ჩ-62 | ||
| 100 |
_aჩინჩალაძე, მიხეილ _99552 |
||
| 245 |
_aმოწაფეთა ლექსიკური მარაგის გამდიდრება ახსნითი კითხვის გაკვეთილებზე : _bდაწყებითი სკოლის დედანის ახალი პროგრამის მიხედვით / _cმიხეილ ჩინჩალაძე ; რედ. დ.ჯიბლაძე. |
||
| 264 |
_aთბილისი : _bგანათლება, _c1971. |
||
| 300 |
_a49 გვ. ; _c19 სმ |
||
| 490 | _a(პედაგოგიკა და მეთოდიკა) | ||
| 541 | _h14თ. | ||
| 653 | _aქართული ენა | ||
| 653 | _aქართული ენის ლექსიკა | ||
| 653 | _a ქართული ენის სწავლების მეთოდიკა | ||
| 700 |
_aჯიბლაძე, დ. _eრედაქტორი _98826 |
||
| 942 |
_cBK _2udc |
||